| 000 | 00844 a2200193 4500 | ||
|---|---|---|---|
| 005 | 20190806102639.0 | ||
| 008 | 190523s1988 xxc||||| |||| 00| 0 fre d | ||
| 040 |
_aCO-BoUCM _bspa _cSaul Niño _dSaul Niño |
||
| 041 | 0 | _afre | |
| 111 | 2 |
_aInternational Conference on Constitutional Law _cQuébec, Québec _d1987 _n5 _996409 |
|
| 245 | 1 | 3 |
_aLe droit à la qualité de l'environnement _bun droit en devenir, un droit à définir _cVe Conférence internationale de droit constitutionnel ; sous la direction de Nicole Duplé |
| 260 |
_aVieux-Montréal _bQuébec/Amérique _c1988 |
||
| 546 | _aTexto en francés | ||
| 650 | 7 |
_912703 _aDerecho ambiental _zCanadá |
|
| 650 | 7 |
_912777 _aDerecho internacional ambiental |
|
| 700 | 2 |
_aDuplé, Nicole _996410 |
|
| 942 |
_cLIBRO _2DEWEY _a8 _e1 _h341.762 _mD784q _n0 |
||
| 999 |
_c312452 _d312452 |
||